[Event "Verbandsliga Nord Baden 0506"]
[Site "Germany"]
[Date "2006.03.19"]
[Round "7.1"]
[White "Bogner, Sebastian"]
[Black "Gelfenboim, Jaroslaw"]
[Result "0-1"]
[WhiteElo "2361"]
[BlackElo "2197"]
[PlyCount "68"]
[EventDate "2005.10.16"]
[EventType "team"]
[EventRounds "9"]
[EventCountry "GER"]
[SourceTitle "EXT 2007"]
[Source "ChessBase"]
[SourceDate "2006.11.23"]
[SourceVersion "1"]
[SourceVersionDate "2006.11.23"]
[SourceQuality "1"]
[WhiteTeam "Neuhausen"]
[BlackTeam "Mannheim Lindenhof"]
[WhiteTeamCountry "GER"]
[BlackTeamCountry "GER"]

1. e4 e5 2. Nf3 Nc6 3. Bb5 f5 4. Nc3 Nf6 5. exf5 Bc5 6. Nxe5 Nd4 7. Bc4 d5 8. Nxd5 Bxf5 9. Ne3 Qe7 10. Nd3 b5 11. Bb3 Nxb3 12. axb3 Bxd3 13. cxd3 0-0 14. 0-0 Nd7 15. Qg4 Rad8 16. d4 Nf6 17. Qg5 Bxd4 18. Nf5 Qd7 19. Nxd4 Qxd4 20. Qxb5 Kh8 21. Ra4 Qd6 22. d3 c6 23. Qc4 Nd5 24. Rxa7 Rf5 25. Qd4 Qg6 26. Re1 Rdf8 27. Re6 Nf6 28. Rxc6 Qe8 29. Qc3 Rxf2 30. Bh6 Rf1+ 31. Kxf1 Ne4+ 32. Kg1 Nxc3 33. Bxg7+ Kg8 34. Bxc3 Qe3+ 0-1

[Event "GER-chT Landesliga"]
[Site "Greifswald"]
[Date "2001.07.31"]
[Round "4.1"]
[White "Gelfenboim, Jaroslaw"]
[Black "Zwanzger, Johannes"]
[Result "1/2-1/2"]
[WhiteElo "2185"]
[BlackElo "2289"]
[PlyCount "76"]
[EventDate "2001.07.29"]
[EventType "team"]
[EventRounds "7"]
[EventCountry "GER"]
[SourceTitle "EXT 2003"]
[Source "ChessBase"]
[SourceDate "2002.11.25"]
[SourceVersion "1"]
[SourceVersionDate "2002.11.25"]
[SourceQuality "1"]

1. e4 c5 2. Nf3 e6 3. d4 cxd4 4. Nxd4 a6 5. Nc3 b5 6. Bd3 Qb6 7. Be3 Bc5 8. Qg4 Bxd4 9. e5 Nc6 10. Qxg7 Bxe5 11. Qxe5 Nxe5 12. Bxb6 Nxd3+ 13. cxd3 Bb7 14. Ne4 Bxe4 15. dxe4 Rc8 16. 0-0 Nf6 17. Rac1 0-0 18. f3 d5 19. Bd4 Nd7 20. exd5 exd5 21. Rfd1 f5 22. Kf2 Kf7 23. Re1 Rc4 24. Ke3 f4+ 25. Kd3 Rg8 26. Rg1 Rxc1 27. Rxc1 Rxg2 28. Rc7 Ke6 29. Rc6+ Kf5 30. Rxa6 Ne5+ 31. Bxe5 Kxe5 32. b4 Rxh2 33. Ra8 Rh6 34. Re8+ Re6 35. Rb8 Ra6 36. Re8+ Re6 37. Rb8 Ra6 38. Re8+ Re6 1/2-1/2

[Event "GER-chT Landesliga"]
[Site "Greifswald"]
[Date "2001.07.30"]
[Round "2.1"]
[White "Gelfenboim, Jaroslaw"]
[Black "Bravo Lutz, Sebastian"]
[Result "1-0"]
[WhiteElo "2185"]
[BlackElo "2171"]
[PlyCount "39"]
[EventDate "2001.07.29"]
[EventType "team"]
[EventRounds "7"]
[EventCountry "GER"]
[SourceTitle "EXT 2003"]
[Source "ChessBase"]
[SourceDate "2002.11.25"]
[SourceVersion "1"]
[SourceVersionDate "2002.11.25"]
[SourceQuality "1"]

1. e4 c5 2. Nf3 Nc6 3. d4 cxd4 4. Nxd4 g6 5. Nc3 Bg7 6. Be3 Nf6 7. Nxc6 bxc6 8. e5 Ng8 9. Bd4 f6 10. f4 Qa5 11. Bc4 c5 12. Bf2 Nh6 13. 0-0 Bb7 14. Nd5 fxe5 15. fxe5 Bxe5 16. Re1 d6 17. Nxe7 Kxe7 18. Rxe5+ dxe5 19. Bh4+ Ke8 20. Qd6 1-0

[Event "Oberliga Wuerttemberg 0001"]
[Site "Wuerttemberg"]
[Date "2001.04.01"]
[Round "8"]
[White "Gelfenboim, Jaroslaw"]
[Black "Weiss, Andreas"]
[Result "0-1"]
[WhiteElo "2149"]
[BlackElo "2212"]
[PlyCount "106"]
[EventDate "2000.10.15"]
[EventType "team"]
[EventRounds "9"]
[EventCountry "GER"]
[SourceTitle "EXT 2019"]
[Source "ChessBase"]
[SourceDate "2018.10.10"]
[SourceVersion "1"]
[SourceVersionDate "2018.10.10"]
[SourceQuality "1"]

1. e4 c5 2. Nf3 e6 3. d4 cxd4 4. Nxd4 a6 5. Bd3 Qb6 6. Nb3 Qc7 7. 0-0 Nf6 8. f4 d6 9. e5 Nfd7 10. Nc3 Nc6 11. exd6 Bxd6 12. Ne4 Be7 13. Qh5 Nf6 14. Nxf6+ Bxf6 15. Bd2 g6 16. Qh6 Qe7 17. Rae1 Qf8 18. Qh3 Bd7 19. f5 e5 20. Qe3 g5 21. Nc5 Qe7 22. Ne4 h6 23. Bc3 0-0 24. Qh3 Kg7 25. Ng3 Rfe8 26. Nh5+ Kg8 27. Ng3 Kg7 28. Qh5 Rad8 29. Ne4 Bc8 30. Re3 Rh8 31. Ng3 Rhe8 32. Rfe1 Nd4 33. Qg4 Nc6 34. Nh5+ Kg8 35. Rh3 Bh8 36. Ng3 Qf8 37. Qh5 Bg7 38. f6 Bxf6 39. Qxh6 Qxh6 40. Rxh6 Bg7 41. Rh5 f6 42. Nf5 Rxd3 43. Nxg7 Kxg7 44. cxd3 Bg4 45. Rh3 Bxh3 46. gxh3 Rd8 47. Re3 Ne7 48. Rf3 Ng6 49. Bd2 e4 50. Rf5 exd3 51. Kf2 Ne5 52. Ke1 Kg6 53. Rf1 Rh8 0-1

[Event "Oberliga Wuerttemberg 0102"]
[Site "Wuerttemberg"]
[Date "2001.??.??"]
[Round "1"]
[White "Dietrich, Frank"]
[Black "Gelfenboim, Jaroslaw"]
[Result "0-1"]
[WhiteElo "2117"]
[BlackElo "2149"]
[PlyCount "82"]
[EventDate "2001.10.01"]
[EventType "team-tourn"]
[EventRounds "9"]
[EventCountry "GER"]
[SourceTitle "EXT 2019"]
[Source "ChessBase"]
[SourceDate "2018.10.10"]
[SourceVersion "1"]
[SourceVersionDate "2018.10.10"]
[SourceQuality "1"]
[WhiteTeam "Wolfbusch"]
[BlackTeam "Tamm 74"]
[WhiteTeamCountry "GER"]
[BlackTeamCountry "GER"]

1. e4 e5 2. c4 Bc5 3. Nc3 d6 4. d3 Ne7 5. g3 0-0 6. Bg2 Nbc6 7. Be3 Nd4 8. Qd2 Nec6 9. Bxd4 Nxd4 10. 0-0-0 b5 11. Nge2 b4 12. Nd5 Nxe2+ 13. Qxe2 c6 14. Ne3 Qa5 15. Kb1 Rb8 16. Qd2 Rb6 17. Rhf1 Ra6 18. b3 Bd4 19. Qc2 Qc5 20. Rde1 Ra3 21. Qc1 Qa5 22. Re2 Be6 23. Nf5 Bxf5 24. exf5 d5 25. f6 gxf6 26. Bh3 Rxb3+ 27. axb3 Qa1+ 28. Kc2 Qc3+ 29. Kd1 Qxd3+ 30. Qd2 Qb1+ 31. Qc1 Qd3+ 32. Qd2 Qb1+ 33. Qc1 Qxb3+ 34. Qc2 dxc4 35. Qxb3 cxb3 36. Kc1 c5 37. Kb1 c4 38. Bf5 a5 39. Re4 a4 40. Rg4+ Kh8 41. Rh4 a3 0-1

[Event "Oberliga Wuerttemberg 0001"]
[Site "Wuerttemberg"]
[Date "2000.11.12"]
[Round "2.3"]
[White "Gelfenboim, Jaroslaw"]
[Black "Misanovic, Vesna"]
[Result "1-0"]
[WhiteElo "2149"]
[BlackElo "2384"]
[PlyCount "37"]
[EventDate "2000.10.15"]
[EventType "team"]
[EventRounds "9"]
[EventCountry "GER"]
[SourceTitle "EXT 2002"]
[Source "ChessBase"]
[SourceDate "2001.11.25"]
[SourceVersion "1"]
[SourceVersionDate "2001.11.25"]
[SourceQuality "1"]

1. e4 d5 2. exd5 Nf6 3. d4 Nxd5 4. c4 Nb6 5. Nf3 g6 6. Nc3 Bg7 7. h3 c6 8. Be3 Be6 9. Qb3 0-0 10. Rd1 h6 11. Be2 Kh7 12. h4 N8d7 13. h5 g5 14. Bxg5 hxg5 15. Nxg5+ Kg8 16. Qc2 Nf6 17. h6 Bh8 18. Nxe6 Qd7 19. h7+ 1-0

[Event "Stuttgart-ch "]
[Site "Ditzingen"]
[Date "2000.??.??"]
[Round "2"]
[White "Forintos, Gyozo Victor"]
[Black "Gelfenboim, Jaroslaw"]
[Result "1-0"]
[WhiteElo "2357"]
[BlackElo "2141"]
[PlyCount "59"]
[EventDate "2000.??.??"]
[EventType "swiss"]
[EventRounds "4"]
[EventCountry "GER"]
[SourceTitle "EXT 2002"]
[Source "ChessBase"]
[SourceDate "2001.11.25"]
[SourceVersion "1"]
[SourceVersionDate "2001.11.25"]
[SourceQuality "1"]

1. d4 d5 2. c4 e5 3. dxe5 d4 4. Nf3 Nc6 5. g3 Bg4 6. Bg2 Qd7 7. Nbd2 0-0-0 8. h3 Bf5 9. g4 Bg6 10. a3 h5 11. g5 f6 12. exf6 h4 13. f7 Qxf7 14. b4 d3 15. e3 Qe6 16. Bb2 Bd6 17. Qa4 Kb8 18. Rb1 Be5 19. Nxe5 Nxe5 20. Qb5 Nc6 21. Bd5 Qd6 22. Bxc6 Qxc6 23. Qxc6 bxc6 24. Bxg7 Rh7 25. Bc3 Ne7 26. Bf6 Re8 27. 0-0 Nf5 28. e4 Nd6 29. f3 Bf7 30. Rfc1 1-0

[Event "GER-chT U20"]
[Site "Neumuenster"]
[Date "2000.??.??"]
[Round "1"]
[White "Gelfenboim, Jaroslaw"]
[Black "Kritz, Leonid"]
[Result "0-1"]
[WhiteElo "2149"]
[BlackElo "2424"]
[PlyCount "32"]
[EventDate "2000.12.??"]
[EventType "team-swiss"]
[EventRounds "7"]
[EventCountry "GER"]
[SourceTitle "EXT 2002"]
[Source "ChessBase"]
[SourceDate "2001.11.25"]
[SourceVersion "1"]
[SourceVersionDate "2001.11.25"]
[SourceQuality "1"]

1. e4 e6 2. d4 d5 3. e5 c5 4. Qg4 cxd4 5. Nf3 Nc6 6. Bd3 Nge7 7. 0-0 Ng6 8. Re1 Be7 9. a3 0-0 10. Nbd2 f5 11. Qg3 a5 12. Nb3 Qb6 13. h4 a4 14. Nbd2 Qc7 15. Nf1 f4 16. Qh2 Ngxe5 0-1

[Event "GER-chT U20"]
[Site "Neumuenster"]
[Date "2000.??.??"]
[Round "3"]
[White "Gelfenboim, Jaroslaw"]
[Black "Maurer, Jochen"]
[Result "1/2-1/2"]
[WhiteElo "2149"]
[BlackElo "2163"]
[PlyCount "47"]
[EventDate "2000.12.??"]
[EventType "team-swiss"]
[EventRounds "7"]
[EventCountry "GER"]
[SourceTitle "EXT 2002"]
[Source "ChessBase"]
[SourceDate "2001.11.25"]
[SourceVersion "1"]
[SourceVersionDate "2001.11.25"]
[SourceQuality "1"]

1. e4 c5 2. Nf3 d6 3. d4 cxd4 4. Nxd4 Nf6 5. Nc3 a6 6. Bg5 e6 7. f4 Be7 8. Qf3 Qa5 9. 0-0-0 Bd7 10. e5 dxe5 11. fxe5 Nc6 12. Bxf6 gxf6 13. exf6 Qg5+ 14. Kb1 Qxf6 15. Ne4 Qxf3 16. Nxf3 f5 17. Nd6+ Bxd6 18. Rxd6 Ke7 19. Rd2 Rad8 20. Bc4 Bc8 21. Re2 Kf6 22. Rhe1 Rhe8 23. Rf2 e5 24. Kc1 1/2-1/2

[Event "GER-chT U20"]
[Site "Neumuenster"]
[Date "2000.??.??"]
[Round "2"]
[White "Palmer, Christian"]
[Black "Gelfenboim, Jaroslaw"]
[Result "1/2-1/2"]
[WhiteElo "2188"]
[BlackElo "2149"]
[PlyCount "22"]
[EventDate "2000.12.??"]
[EventType "team-swiss"]
[EventRounds "7"]
[EventCountry "GER"]
[SourceTitle "EXT 2002"]
[Source "ChessBase"]
[SourceDate "2001.11.25"]
[SourceVersion "1"]
[SourceVersionDate "2001.11.25"]
[SourceQuality "1"]

1. e4 e5 2. Nf3 Nc6 3. Bb5 f5 4. d4 fxe4 5. Bxc6 dxc6 6. Nxe5 Nf6 7. Nc3 Bd6 8. Bg5 Bf5 9. Qe2 Bb4 10. 0-0 Bxc3 11. bxc3 0-0 1/2-1/2

[Event "Oberliga Wuerttemberg 9899"]
[Site "Wuerttemberg"]
[Date "1998.11.08"]
[Round "2"]
[White "Gelfenboim, Jaroslaw"]
[Black "Einwiller, Dieter"]
[Result "1-0"]
[WhiteElo "2115"]
[BlackElo "2180"]
[PlyCount "131"]
[EventDate "1998.10.??"]
[EventType "team"]
[EventRounds "9"]
[EventCountry "GER"]
[SourceTitle "EXT 2000"]
[Source "ChessBase"]
[SourceDate "1999.11.16"]
[SourceVersion "1"]
[SourceVersionDate "1999.11.16"]
[SourceQuality "1"]

1. e4 c6 2. d4 d5 3. Nc3 dxe4 4. Nxe4 Bf5 5. Ng3 Bg6 6. Bc4 Nf6 7. N1e2 e6 8. 0-0 Bd6 9. f4 Qc7 10. f5 exf5 11. Nxf5 Bxh2+ 12. Kh1 0-0 13. g3 Ng4 14. Kg2 Re8 15. Bf4 Qd7 16. Nd6 b5 17. Bb3 Na6 18. Qd2 Re7 19. Rae1 Nc7 20. Nc3 Ne6 21. Nce4 h5 22. Nc5 Nxc5 23. dxc5 Rxe1 24. Rxe1 h4 25. gxh4 Bxf4 26. Qxf4 Nf6 27. Qg5 Qg4+ 28. Qxg4 Nxg4 29. Re7 Rf8 30. Rxa7 Ne3+ 31. Kg3 Nxc2 32. h5 Bd3 33. Nxf7 Nd4 34. Ne5+ Nxb3 35. Nxd3 Nd4 36. Kg4 Re8 37. Rd7 Re4+ 38. Kg5 Nf3+ 39. Kf5 Rh4 40. Rd6 Kh7 41. Nf4 Rh2 42. Ne6 Rxb2 43. Nf8+ Kg8 44. Ng6 Rd2 45. Kf4 Rc2 46. Kxf3 Rxc5 47. Kg4 Rc2 48. Rxc6 Rxa2 49. Kf5 Rf2+ 50. Nf4 Kh7 51. Rb6 Rb2 52. Nh3 Kg8 53. Kg6 Rg2+ 54. Kf5 Rb2 55. Rb8+ Kf7 56. Ng5+ Ke7 57. Kg6 Kd6 58. Kxg7 Kc5 59. h6 Rg2 60. Kf6 b4 61. h7 Rh2 62. h8Q Rxh8 63. Rxh8 b3 64. Ne4+ Kb4 65. Rb8+ Ka3 66. Nd2 1-0

[Event "Oberliga Wuerttemberg 9899"]
[Site "Wuerttemberg"]
[Date "1998.10.11"]
[Round "1"]
[White "Boehm, Martin"]
[Black "Gelfenboim, Jaroslaw"]
[Result "1-0"]
[WhiteElo "2270"]
[BlackElo "2115"]
[PlyCount "59"]
[EventDate "1998.10.??"]
[EventType "team"]
[EventRounds "9"]
[EventCountry "GER"]
[SourceTitle "EXT 2000"]
[Source "ChessBase"]
[SourceDate "1999.11.16"]
[SourceVersion "1"]
[SourceVersionDate "1999.11.16"]
[SourceQuality "1"]

1. c4 e5 2. Nc3 Nf6 3. Nf3 Nc6 4. d4 exd4 5. Nxd4 Bc5 6. e3 0-0 7. Be2 Re8 8. 0-0 a5 9. Nxc6 bxc6 10. b3 Qe7 11. Bb2 Bb7 12. Qc2 Bd6 13. Bf3 Qe6 14. Ne2 Ng4 15. Nf4 Nxe3 16. Nxe6 Nxc2 17. Nxg7 Be5 18. Nxe8 Bxb2 19. Rad1 Be5 20. Nxc7 Bxc7 21. Rxd7 Rc8 22. Rc1 Nb4 23. Re1 Ba6 24. Ree7 Bb6 25. Rxf7 a4 26. Rg7+ Kh8 27. Rxh7+ Kg8 28. Rhg7+ Kh8 29. Be4 Re8 30. Rg4 1-0